000 00446nmm a2200169Ia 4500
008 251105s9999||||xx |||||||||||||||||und||
020 _a9788446024927
041 _aspa
100 _aGómez Tarín, Francisco Javier
245 0 _aWong Kar-wai
264 _a[Madrid, España] :
_bAkal,
_c2009
300 _a139 páginas
490 _aCine
650 _aFilm studies
856 _uhttps://public.digitaliapublishing.com/a/27887
942 _cCF
999 _c82809
_d82809